[Event "IECC CL6-2020.03 email"]
[Site "IECC email"]
[Date "2020.08.14"]
[Round "?"]
[White "Gibson, Jason"]
[Black "Wey, Geoff"]
[Result "1-0"]
[WhiteElo "1326"]
[BlackElo "1278"]
[PlyCount "67"]
[EventDate "2020.??.??"]
[EventType "tourn (corr)"]
[EventRounds "4"]
[SourceTitle "Corr 2024"]
[Source "ChessBase"]
[SourceDate "2023.10.19"]
[SourceVersion "1"]
[SourceVersionDate "2023.10.19"]
[SourceQuality "1"]
[WhiteTeam "Australien"]
[BlackTeam "Vereinigte Staaten"]
[WhiteTeamCountry "AUS"]
[BlackTeamCountry "USA"]

1. d4 e6 2. Nf3 d5 3. e3 Nf6 4. Bd3 c5 5. b3 Be7 6. Bb2 0-0 7. 0-0 b6 8. Ne5 Ba6 9. Bxa6 Nxa6 10. Nc6 Qc7 11. Nxe7+ Qxe7 12. Ba3 Rfc8 13. Qe2 Qb7 14. c4 cxd4 15. exd4 dxc4 16. bxc4 Rd8 17. Bb2 Rac8 18. d5 exd5 19. Bxf6 gxf6 20. Qg4+ Kh8 21. Qd4 Qc6 22. cxd5 Rxd5 23. Qb2 Nc5 24. Rc1 Rg8 25. g3 Qe6 26. Qa3 Qe5 27. Nc3 Rd3 28. Qxa7 Rxc3 29. Re1 Rgxg3+ 30. hxg3 Rxg3+ 31. Kf1 Qf5 32. Qxf7 Qd3+ 33. Re2 Ne4 34. Qe8+ 1-0

[Event "IECC CL7-2019.01 email"]
[Site "IECC email"]
[Date "2019.02.06"]
[Round "?"]
[White "Gibson, Jason"]
[Black "Phillips, Dave"]
[Result "0-1"]
[WhiteElo "1096"]
[BlackElo "1116"]
[PlyCount "66"]
[EventDate "2019.??.??"]
[EventType "tourn (corr)"]
[EventRounds "4"]
[SourceTitle "Corr 2020"]
[Source "ChessBase"]
[SourceDate "2019.09.30"]
[SourceVersion "1"]
[SourceVersionDate "2019.09.30"]
[SourceQuality "1"]
[WhiteTeam "Australia"]
[BlackTeam "England"]
[WhiteTeamCountry "AUS"]
[BlackTeamCountry "ENG"]

1. d4 d5 2. Nf3 e6 3. e3 c5 4. Bb5+ Bd7 5. Bxd7+ Nxd7 6. b3 Ngf6 7. Nbd2 Bd6 8. Bb2 0-0 9. 0-0 Rc8 10. a3 Nb6 11. a4 c4 12. Ba3 Bxa3 13. Rxa3 Qd6 14. Qa1 Rfe8 15. a5 Nbd7 16. a6 b6 17. Nb1 cxb3 18. cxb3 Rc2 19. Nc3 Qb4 20. Rc1 Rxc1+ 21. Qxc1 Rc8 22. Ra2 Rxc3 23. Rc2 Ne4 24. Qb2 Rxb3 25. Rc8+ Nf8 26. Qc1 Rb1 27. h3 Rxc1+ 28. Rxc1 h6 29. Ne5 Qd2 30. Rf1 f6 31. Nc6 Qe2 32. Nxa7 Qxa6 33. Nc6 Nd7 0-1